00510nam a2200157 a 4500001001000000003000400010005001700014008004100031020001800072040002500090245007900115260007200194300002800266700003700294700002100331000044633OSt20250408113911.0140205s2013 dr a r 000 0 spa d a9789945475869 aDO-SdBNPbspacBNPHU00aColoquios 2013 /ccoordinador Basilio Belliard, Leonardo Díaz...[et.al]. aSanto Domingo :bDirección Nacional de la Feria del Libro,c2013. a199 p. :bil. ;c23 cm.12aBelliard, Basilio,d1966-ecoor.12aDíaz, Leonardo